书目信息 |
| 题名: |
商鉴
|
|
| 作者: | 苏在卿 主编 | |
| 分册: | ||
| 出版信息: | 郑州 河南人民出版社 |
|
| 页数: | 520页 | |
| 开本: | 32开 | |
| 丛书名: | ||
| 单 册: | ||
| 中图分类: | F207 | |
| 科图分类: | ||
| 主题词: | 国民经济--经济管理 | |
| 电子资源: | ||
| ISBN: | 7-215-02868-2 | |
| 000 | 00519nam0 2200193 45 | |
| 001 | 0006101586 | |
| 005 | 20000610154525.2 | |
| 010 | @a7-215-02868-2@d9.80元 | |
| 100 | @a20000610d km y0chiy0120 ea | |
| 101 | 0 | @achi |
| 105 | @a z 000yy | |
| 200 | 1 | @a商鉴@AShang Jian@f苏在卿主编@FSu Zai Qing Zhu Bian |
| 210 | @a郑州@c河南人民出版社 | |
| 215 | @a520页@d32开 | |
| 606 | 0 | @a国民经济@x经济管理 |
| 690 | @aF207@v3 | |
| 701 | 0 | @a苏在卿@4主编 |
| 801 | @aCN@bPftUser@c20000610 | |
| 905 | @b202328-332@dF207@eS697@f5 | |
| 商鉴/苏在卿主编.-郑州:河南人民出版社 |
| 520页;32开 |
| ISBN 7-215-02868-2:9.80元 |
| ● |
| 相关链接 |
|
|
|
正题名:商鉴
索取号:F207/S697
 
预约/预借
| 序号 | 登录号 | 条形码 | 馆藏地/架位号 | 状态 | 备注 |
| 1 | 202328 | 202023283 | 社科库409/409社科库 72排3列1层/ [索取号:F207/S697] | 在馆 | |
| 2 | 202329 | 202023292 | 社科库409/409社科库 84排3列3层/ [索取号:F207/S697] | 在馆 | |
| 3 | 202330 | 202023309 | 社科库409/400B社科库 20排3列2层/ [索取号:F207/S697] | 在馆 | |
| 4 | 202331 | 202023318 | 社科库409/409社科库 84排3列3层/ [索取号:F207/S697] | 在馆 | |
| 5 | 202332 | 202023327 | 社科库409/400B社科库 2排3列4层/ [索取号:F207/S697] | 在馆 |